Statistics for Who does it really belong to #1

Click here to take the quiz!

General Stats

  • This quiz has been taken 32 times
  • The average score is 11 of 15

Answer Stats

TerritoryCountry% Correct
Hong KongChina
97%
MartiniqueFrance
97%
GuamUnited States
90%
ArubaNetherlands
87%
Canary IslandsSpain
87%
Azores IslandsPortugal
83%
Easter IslandChile
80%
Faroe IslandsDenmark
77%
Cayman IslandsUnited Kingdom
77%
New CaledoniaFrance
73%
Andaman IslandsIndia
60%
TokelauNew Zealand
60%
Norfolk IslandsAustralia
53%
San Andrés and ProvidenciaColombia
50%
CabindaAngola
33%

Score Distribution

Percentile by Number Answered

Percent of People with Each Score

Your Score History

You have not taken this quiz